|
|
|
|
| LEADER |
00914nam a2200265 a 4500 |
| 001 |
000409598 |
| 003 |
CZ BrMZK |
| 005 |
20131115103746.0 |
| 007 |
ta |
| 008 |
990305s1986 gw f ger d |
| 040 |
|
|
|a BOA001
|b cze
|
| 080 |
9 |
|
|a 03:629.78
|
| 080 |
9 |
|
|a 629.78:03
|
| 100 |
1 |
|
|a Mielke, Heinz,
|d 1923-
|7 xx0164607
|4 aut
|
| 245 |
1 |
0 |
|a Raumfahrt, Weltraum-Forschung /
|c Heinz Mielke
|
| 250 |
|
|
|a 1. Aufl.
|
| 260 |
|
|
|a Berlin :
|b Transpress,
|c 1986
|
| 300 |
|
|
|a 568 s.
|
| 910 |
|
|
|a BOA001
|b 2-0908.033
|b TK-0228.813
|
| 920 |
|
|
|a 000240701
|
| 964 |
|
|
|a Kosmonautika - sborníky
|
| 990 |
|
|
|a BK
|
| 996 |
7 |
|
|b 2619352065
|c 2-0908.033
|l MZK
|r Sklad / do 1 hodiny
|n 0
|w 000409598
|u 000010
|a 1
|e BOA001
|j MZK50
|s A
|
| 996 |
7 |
|
|b 2629998614
|c TK-0228.813
|l MZK
|r Sklad / do 24 hodin
|n 0
|w 000409598
|u 000020
|a 1
|e BOA001
|j MZK50
|s A
|
| 996 |
7 |
|
|b 2629998617
|c TK-0228.813
|l MZK
|r Sklad / do 24 hodin
|n 0
|w 000409598
|u 000030
|a 1
|e BOA001
|j MZK50
|s A
|